| 000 | 00492nam a2200193Ia 4500 | ||
|---|---|---|---|
| 003 | GCL | ||
| 008 | 140319s9999 xx 000 0 eng d | ||
| 040 |
_aGCL / _cGCL |
||
| 082 | 0 | 4 |
_a910.202 _bK G |
| 100 | 1 | _aKEROUANI, ODIL | |
| 245 | 1 | 0 |
_aGUIDE DU MONDEARABE EN FRANCE / _cKEROUANI, ODIL |
| 700 | 1 | _aHAZAZ, LAILA | |
| 260 |
_a[S.N] : _bINSTITUT DU MONDE ARABE ، _c1993 |
||
| 300 | _a103\P | ||
| 650 | 0 | 4 | _aFRANCE |
| 650 | 0 | 4 | _aARABIC WORLD |
| 650 | 0 | 4 | _aGUIDE BOOKS |
| 942 |
_2ddc _cBK |
||
| 999 |
_c20767 _d20767 |
||